Statistics for Adam Hicks Filmography

Click here to take the quiz!

General Stats

  • This quiz has been taken 3 times
  • The average score is 2 of 25

Answer Stats

TypeYearName% Correct
Film2006How to Eat Fried Worms
67%
TV Show2009-2012Zeke & Luther
67%
TV Show2010Jonas
33%
TV Film2011Lemonade Mouth
33%
TV Show2012-2013Pair of Kings
33%
TV Show2013CSI: Crime Scene Investigation
0%
TV Show2011Disney Friends for Change Games
0%
Film2005Down and Derby
0%
Web Series2016-2017Freakish
0%
Film2016Little Savages
0%
Film2008Mostly Ghostly
0%
TV Show2011Peter Punk
0%
TV Show2011PrankStars
0%
Film2018Shifting Gears
0%
TV Show2011So Random!
0%
TV Show2012Southland
0%
TV Mini-Series2015Texas Rising
0%
TV Show2002That Was Then
0%
Film2005The 12 Dogs of Christmas
0%
Film2015The Boy Next Door
0%
TV Short2002The Funkhousers
0%
Film2006The Shaggy Dog
0%
TV Show2000-2002Titus
0%
Film2015Up on the Wooftop
0%
Film2015Windsor
0%

Score Distribution

Percentile by Number Answered

Percent of People with Each Score

Your Score History

You have not taken this quiz